<?xml version="1.0" encoding="UTF-8"?><?xml-stylesheet type="text/xsl" href="static/style.xsl"?><OAI-PMH xmlns="http://www.openarchives.org/OAI/2.0/" xmlns:xsi="http://www.w3.org/2001/XMLSchema-instance" xsi:schemaLocation="http://www.openarchives.org/OAI/2.0/ http://www.openarchives.org/OAI/2.0/OAI-PMH.xsd"><responseDate>2026-06-03T21:20:26Z</responseDate><request verb="GetRecord" identifier="oai:riuma.uma.es:10630/5112" metadataPrefix="marc">https://riuma.uma.es/rest/oai/request</request><GetRecord><record><header><identifier>oai:riuma.uma.es:10630/5112</identifier><datestamp>2026-02-03T12:54:00Z</datestamp><setSpec>com_10630_5079</setSpec><setSpec>com_10630_3139</setSpec><setSpec>com_10630_10</setSpec><setSpec>col_10630_5080</setSpec></header><metadata><record xmlns="http://www.loc.gov/MARC21/slim" xmlns:dcterms="http://purl.org/dc/terms/" xmlns:doc="http://www.lyncode.com/xoai" xmlns:xsi="http://www.w3.org/2001/XMLSchema-instance" xsi:schemaLocation="http://www.loc.gov/MARC21/slim http://www.loc.gov/standards/marcxml/schema/MARC21slim.xsd">
   <leader>00925njm 22002777a 4500</leader>
   <datafield ind2=" " ind1=" " tag="042">
      <subfield code="a">dc</subfield>
   </datafield>
   <datafield ind2=" " ind1=" " tag="720">
      <subfield code="a">Melendo Cruz, Ana</subfield>
      <subfield code="e">author</subfield>
   </datafield>
   <datafield ind2=" " ind1=" " tag="260">
      <subfield code="c">2010</subfield>
   </datafield>
   <datafield ind2=" " ind1=" " tag="520">
      <subfield code="a">El artículo trata de reflexionar sobre&#xd;
aquellos cambios que se producen&#xd;
en la recepción de los filmes de&#xd;
Michelangelo Antonioni por parte&#xd;
de un espectador al que, como&#xd;
receptor de películas hollywoodienses,&#xd;
principalmente, se le exige con&#xd;
este otro cine, calificado de elitista,&#xd;
una mutación que no siempre está&#xd;
dispuesto a realizar. Y es que debido&#xd;
a las complejas estructuras formales&#xd;
que configuran los filmes&#xd;
antonionianos, el espectador de los&#xd;
mismos se sabe excluido del&#xd;
esquema sobre el que se&#xd;
fundamentaba la representación&#xd;
clásica, subordinada casi en su&#xd;
totalidad a la causalidad narrativa.&#xd;
Es así como, a partir de la teoría de&#xd;
de Ortega y Gasset de que el “Arte&#xd;
Nuevo” no es para todo el mundo, se&#xd;
indaga en la posibilidad de que el&#xd;
cine de Antonioni necesita a un&#xd;
espectador “esteta” que sea capaz de&#xd;
desplazar, el interés del contenido&#xd;
del film hacia efectos propiamente&#xd;
artísticos relacionados con la forma.</subfield>
   </datafield>
   <datafield ind1="8" ind2=" " tag="024">
      <subfield code="a">Fotocinema. Revista Científica de Cine y Fotografía, número 1 (2010, 89-100)</subfield>
   </datafield>
   <datafield ind1="8" ind2=" " tag="024">
      <subfield code="a">ISSN 2172-0150</subfield>
   </datafield>
   <datafield ind1="8" ind2=" " tag="024">
      <subfield code="a">http://hdl.handle.net/10630/5112</subfield>
   </datafield>
   <datafield tag="653" ind2=" " ind1=" ">
      <subfield code="a">Antonioni , Michelangelo - Crítica e interpretación</subfield>
   </datafield>
   <datafield ind2="0" ind1="0" tag="245">
      <subfield code="a">¿ESTÁ DIRIGIDO EL “ARTE NUEVO” A UNA MINORÍA</subfield>
   </datafield>
</record>
</metadata></record></GetRecord></OAI-PMH>